Famous 'Ha' People Quiz Stats

 Plays Quiz Updated Sep 14, 2015

Score 0/20 Timer 05:00
3 Plays Today
% Correct
Tom Hanks
96.4%
Stephen Hawking
88.3%
Anne Hathaway
87.8%
David Hasselhoff
84.1%
Woody Harrelson
80.7%
Goldie Hawn
78.7%
Ed Harris
69.7%
Salma Hayek
66.8%
Jon Hamm
61.6%
Gene Hackman
61.3%
% Correct
Debbie Harry
56.5%
Mark Harmon
51%
Daryl Hannah
49.3%
Alyson Hannigan
44%
Tom Hardy
39.9%
Rita Hayworth
37.2%
Michael C. Hall
35.8%
Josh Hartnett
34.1%
Lewis Hamilton
32.3%
Sammy Hagar
27.3%

You're not logged in!

Compare scores with friends on all Sporcle quizzes.
OR
Log In

Sporcle TV

Today on Sporcle TV


Watch our educational content, quiz creation guides, and fun videos on Sporcle TV.

Show Comments

Extras

Top Quizzes Today


Score Distribution

Your Account Isn't Verified!

In order to create a playlist on Sporcle, you need to verify the email address you used during registration. Go to your Sporcle Settings to finish the process.

Report this User

Report this user for behavior that violates our Community Guidelines.

Details: